000 00225 a2200097 4500
001 12171
100 _aMehmood,Bazal Haq
245 _aIran Kay Awami Geet Our Awami Khania
260 _a
_bSang-e-Meel
_c
090 _c9378
_d9378
942 _aNUST-CAE
_cM
_c36242
999 _c247244
_d247244